[Event "chess.com Speed 2021"]
[Site "chess.com INT"]
[Date "2021.12.09"]
[Round "2.17"]
[White "So, Wesley"]
[Black "Caruana, Fabiano"]
[Result "1/2-1/2"]
[WhiteTitle "GM"]
[BlackTitle "GM"]
[WhiteElo "2772"]
[BlackElo "2791"]
[WhiteFideId "5202213"]
[BlackFideId "2020009"]
[EventDate "2021.11.08"]
[EventType "k.o."]

1. e4 c5 2. Nf3 Nc6 3. Bb5 e6 4. O-O Nge7 5. c3 a6 6. Ba4 b5 7. Bc2 Bb7 8. Re1
Ng6 9. d4 cxd4 10. cxd4 Rc8 11. Nc3 Na5 12. Bd3 Bd6 13. g3 O-O 14. h4 h6 15. a3
Ne7 16. d5 Bb8 17. Bc2 Nc4 18. Qd3 Ne5 19. Nxe5 Bxe5 20. Bd2 f6 21. Rad1 Qe8 22.
Bb3 Kh8 23. dxe6 dxe6 24. Bxe6 Rd8 25. Nd5 Nxd5 26. Bxd5 Qg6 27. Bb4 Rfe8 28.
Ba5 Rd7 29. Bc3 Bxc3 30. Qxc3 Red8 31. Qb3 Qh5 32. Qc2 Bxd5 33. exd5 Rxd5 34.
Rxd5 Qxd5 35. Qc3 Kh7 36. Qc2+ Qd3 37. Qxd3+ Rxd3 38. h5 Rd5 39. Re6 a5 40. b3
Rxh5 41. Ra6 b4 42. axb4 axb4 43. Rb6 Rd5 44. Rxb4 Rd3 45. Kg2 h5 46. Rb5 g5 47.
Rb6 Kg6 48. b4 Rb3 49. b5 Kf5 50. Rb8 h4 51. gxh4 gxh4 52. b6 h3+ 53. Kh2 Kf4
54. b7 f5 55. Kh1 Rb1+ 56. Kh2 Rb3 57. Kh1 Rb1+ 58. Kh2 Rb3 1/2-1/2

[Event "chess.com Speed 2021"]
[Site "chess.com INT"]
[Date "2021.12.09"]
[Round "2.18"]
[White "Caruana, Fabiano"]
[Black "So, Wesley"]
[Result "0-1"]
[WhiteTitle "GM"]
[BlackTitle "GM"]
[WhiteElo "2791"]
[BlackElo "2772"]
[WhiteFideId "2020009"]
[BlackFideId "5202213"]
[EventDate "2021.11.08"]
[EventType "k.o."]

1. e4 e5 2. Nf3 Nc6 3. Bb5 Nf6 4. d3 Bc5 5. Bxc6 dxc6 6. O-O Nd7 7. Be3 Qe7 8.
Nc3 O-O 9. Bxc5 Nxc5 10. h3 a5 11. d4 exd4 12. Qxd4 Rd8 13. Qe3 f5 14. e5 Ne6
15. Rad1 Bd7 16. Ne2 c5 17. Nf4 Nxf4 18. Qxf4 h6 19. h4 Be6 20. a3 b6 21. Rfe1
Qf7 22. Rd2 Rxd2 23. Qxd2 f4 24. Qe2 Re8 25. c3 Bc4 26. Qd2 Qf5 27. b4 Bd3 28.
bxa5 bxa5 29. c4 Re6 30. Qxa5 Be4 31. Nh2 f3 32. Nf1 Rg6 33. g3 Qh3 0-1

[Event "chess.com Speed 2021"]
[Site "chess.com INT"]
[Date "2021.12.09"]
[Round "2.19"]
[White "So, Wesley"]
[Black "Caruana, Fabiano"]
[Result "1/2-1/2"]
[WhiteTitle "GM"]
[BlackTitle "GM"]
[WhiteElo "2772"]
[BlackElo "2791"]
[WhiteFideId "5202213"]
[BlackFideId "2020009"]
[EventDate "2021.11.08"]
[EventType "k.o."]

1. e4 c5 2. Nf3 Nc6 3. Bb5 e6 4. O-O Nge7 5. c3 a6 6. Ba4 b5 7. Bc2 Bb7 8. Re1
Ng6 9. d4 cxd4 10. cxd4 Rc8 11. a3 Na5 12. Nbd2 Bd6 13. g3 O-O 14. h4 h6 15. Bd3
Bb8 16. h5 Ne7 17. Nh4 f5 18. exf5 Nxf5 19. Nxf5 exf5 20. Nf3 Qf6 21. Ne5 Nc4
22. Ng6 Rfe8 23. Bf4 Bxf4 24. Nxf4 Rxe1+ 25. Qxe1 Nxb2 26. Qe2 Nxd3 27. Qxd3 Be4
28. Qb3+ Rc4 29. Ng6 Kh7 30. Rd1 Bc2 31. Qe3 Bxd1 32. Qe8 Bxh5 33. Nf8+ Qxf8 34.
Qxf8 Rxd4 35. Qxf5+ Bg6 36. Qc5 Rd3 37. Kh2 d5 38. f4 h5 39. Kh3 Be4 40. Kh4 Rf3
41. Qd6 a5 42. Qe5 Bg6 43. Qxd5 Rxa3 44. f5 Be8 45. Qe6 Rf3 46. Qxe8 Rxf5 47.
Qe4 g6 48. Qb7+ Kg8 49. Qa8+ Kg7 50. Qxa5 Kg8 51. Qb6 Kg7 52. Qc6 Kh7 53. Qe6
Kg7 54. Kh3 Kh7 55. Kg2 Kg7 56. Qe7+ Kg8 57. Kh3 Kh8 58. Kh4 Kg8 59. Qe4 Kg7 60.
g4 hxg4 61. Kxg4 Kg8 62. Qe7 Kh8 63. Qe6 Kg7 64. Qd7+ Kg8 65. Qb7 Kh8 66. Qh1+
Kg7 67. Qa1+ Kg8 68. Kg3 Kh7 69. Kg4 Kg8 70. Qc1 Kg7 71. Qd2 Kg8 72. Qh6 Kf7 73.
Qh7+ Kf6 74. Qg8 Rh5 75. Qf8+ Ke6 76. Qg7 Rc5 77. Qxg6+ Kd5 78. Qd3+ Kc6 79. Kf4
Rc4+ 80. Ke5 Kb6 81. Kd5 Ka5 82. Qa3+ Kb6 83. Qd6+ Ka5 84. Qb8 Kb4 85. Qb6 Ka4
86. Qa6+ Kb4 87. Qa8 Rc2 88. Kd4 Rc4+ 89. Kd3 Rc1 90. Kd2 Rc4 91. Qa6 Rd4+ 92.
Kc2 Rc4+ 93. Kb2 Rd4 94. Qa3+ Kc4 95. Qc3+ Kd5 96. Qc7 Rc4 97. Qd7+ Kc5 98. Qe7+
Kb6 99. Kb3 Ka6 100. Qe6+ Kb7 101. Qd6 Ka7 102. Qd7+ Kb6 103. Qd6+ Kb7 104. Qa3
Kb6 105. Qa8 Rc6 106. Qb8+ Ka6 107. Qa8+ Kb6 108. Qb8+ Ka6 109. Qe5 Rc4 110. Qd5
Kb6 111. Qa8 Rc6 1/2-1/2

[Event "chess.com Speed 2021"]
[Site "chess.com INT"]
[Date "2021.12.09"]
[Round "2.21"]
[White "Caruana, Fabiano"]
[Black "So, Wesley"]
[Result "0-1"]
[WhiteTitle "GM"]
[BlackTitle "GM"]
[WhiteElo "2791"]
[BlackElo "2772"]
[WhiteFideId "2020009"]
[BlackFideId "5202213"]
[EventDate "2021.11.08"]
[EventType "k.o."]

1. d4 Nf6 2. Nc3 d5 3. Bf4 c5 4. e3 cxd4 5. exd4 Bg4 6. f3 Bd7 7. Qd2 e6 8. g4
Qb6 9. O-O-O Nc6 10. a3 a6 11. Nge2 Na5 12. Ng3 Bb5 13. Bd3 Bxd3 14. Qxd3 Nc4
15. Na4 Qb5 16. Qb3 Nd7 17. Kb1 Qc6 18. Rhe1 Na5 19. Qa2 Qxa4 20. Qxd5 Rc8 21.
b3 Qc6 22. Qxa5 Qxc2+ 23. Ka1 Qxb3 24. Rb1 Qxf3 25. Bc1 b6 26. Qa4 b5 27. Qa5
Be7 28. Bb2 O-O 29. Nf5 Bd8 30. Qxa6 Ra8 31. Qd6 exf5 0-1

[Event "chess.com Speed 2021"]
[Site "chess.com INT"]
[Date "2021.12.09"]
[Round "2.22"]
[White "So, Wesley"]
[Black "Caruana, Fabiano"]
[Result "0-1"]
[WhiteTitle "GM"]
[BlackTitle "GM"]
[WhiteElo "2772"]
[BlackElo "2791"]
[WhiteFideId "5202213"]
[BlackFideId "2020009"]
[EventDate "2021.11.08"]
[EventType "k.o."]

1. e4 c5 2. Nf3 Nc6 3. Bb5 e6 4. O-O Nge7 5. c3 a6 6. Ba4 b5 7. Bc2 Bb7 8. Re1
Ng6 9. d4 cxd4 10. cxd4 Rc8 11. Nc3 Na5 12. a3 Bd6 13. g3 O-O 14. h4 Bb8 15. h5
Ne7 16. d5 f5 17. Bg5 h6 18. Bxe7 Qxe7 19. exf5 Nc4 20. fxe6 Nxb2 21. Qd4 Rc4
22. Qe3 dxe6 23. Re2 Qf6 24. dxe6 Rxc3 25. e7 Re8 0-1

[Event "chess.com Speed 2021"]
[Site "chess.com INT"]
[Date "2021.12.09"]
[Round "2.23"]
[White "Caruana, Fabiano"]
[Black "So, Wesley"]
[Result "1/2-1/2"]
[WhiteTitle "GM"]
[BlackTitle "GM"]
[WhiteElo "2791"]
[BlackElo "2772"]
[WhiteFideId "2020009"]
[BlackFideId "5202213"]
[EventDate "2021.11.08"]
[EventType "k.o."]

1. e4 e5 2. Nf3 Nc6 3. Bb5 Nf6 4. d3 Bc5 5. Bxc6 dxc6 6. O-O Nd7 7. Be3 Qe7 8.
Nc3 O-O 9. Nd2 a5 10. a4 b6 11. Bxc5 Nxc5 12. Nc4 f6 13. Qd2 Be6 14. Ne3 Qd6 15.
f3 Rad8 16. Qf2 Qd4 17. Rfb1 Bf7 18. Ne2 Qb4 19. Qe1 Qxe1+ 20. Rxe1 Ne6 21. g3
c5 22. f4 Bh5 23. fxe5 fxe5 24. g4 Be8 25. b3 Bd7 26. Rf1 h6 27. h3 g5 28. Ng3
Nf4 29. Kh2 Be6 30. Ngf5 Kh7 31. Rf2 Rd7 32. Kg3 Bxb3 33. cxb3 Rxd3 34. Rf3 Rfd8
35. Nc4 Rxf3+ 36. Kxf3 Rd3+ 37. Nfe3 Rxb3 38. Nxe5 Ne6 39. Ra2 Nd4+ 40. Kf2 Rb4
41. Nf3 Ne6 42. Nd5 Rc4 43. Nxc7 Nxc7 44. Rd2 Ne6 45. Rd7+ Kg8 46. Rd6 Nf4 47.
Rxb6 Rxe4 48. Rxh6 Re2+ 49. Kf1 c4 50. Rc6 Re3 51. Nxg5 c3 52. Kf2 Rd3 53. Ne4
Nxh3+ 54. Kf1 Nf4 55. Rxc3 Rd4 56. Re3 Rxa4 57. Kf2 Nd5 58. Re2 Kg7 59. Kf3 Ra3+
60. Kf2 Nf4 61. Re3 Rxe3 62. Kxe3 Ne6 63. Kd3 a4 64. Kc3 Kg6 65. Kb4 a3 66. Kxa3
Ng5 67. Nxg5 Kxg5 68. Kb4 Kxg4 1/2-1/2

[Event "chess.com Speed 2021"]
[Site "chess.com INT"]
[Date "2021.12.09"]
[Round "2.24"]
[White "So, Wesley"]
[Black "Caruana, Fabiano"]
[Result "0-1"]
[WhiteTitle "GM"]
[BlackTitle "GM"]
[WhiteElo "2772"]
[BlackElo "2791"]
[WhiteFideId "5202213"]
[BlackFideId "2020009"]
[EventDate "2021.11.08"]
[EventType "k.o."]

1. e4 c5 2. Nf3 Nc6 3. Bb5 e6 4. O-O Nge7 5. c3 a6 6. Ba4 b5 7. Bc2 Bb7 8. Re1
Ng6 9. d4 cxd4 10. cxd4 Rc8 11. Nc3 Na5 12. a3 Bd6 13. g3 O-O 14. h4 Bb8 15. h5
Ne7 16. d5 h6 17. Qd3 f6 18. b3 Qe8 19. g4 Qf7 20. Bd2 Ba8 21. Nh4 Nb7 22. b4 e5
23. Bb3 Nd6 24. Be3 Rxc3 25. Qxc3 Nxe4 26. Qd3 Bxd5 27. Bxd5 Qxd5 28. Qxd5+ Nxd5
29. Bxh6 Ndc3 30. Be3 d5 31. f3 Nd6 32. Bc5 Rd8 33. Ng6 Kf7 34. Rac1 d4 35. Rc2
Nc4 36. f4 Nd5 37. fxe5 Bxe5 38. Rf2 Kg8 39. g5 d3 40. gxf6 Bxf6 41. h6 d2 42.
Ref1 Nde3 0-1

[Event "chess.com Speed 2021"]
[Site "chess.com INT"]
[Date "2021.12.09"]
[Round "2.25"]
[White "Caruana, Fabiano"]
[Black "So, Wesley"]
[Result "0-1"]
[WhiteTitle "GM"]
[BlackTitle "GM"]
[WhiteElo "2791"]
[BlackElo "2772"]
[WhiteFideId "2020009"]
[BlackFideId "5202213"]
[EventDate "2021.11.08"]
[EventType "k.o."]

1. e4 e5 2. Nf3 Nc6 3. Bb5 Nf6 4. d3 Bc5 5. Bxc6 dxc6 6. O-O Bd6 7. Nc3 Bg4 8.
h3 Bh5 9. Qe2 Nd7 10. Rd1 Qe7 11. Be3 O-O-O 12. a4 a5 13. d4 exd4 14. Bxd4 f6
15. Qe3 Kb8 16. Ne2 Rhe8 17. Ng3 Bxg3 18. fxg3 Qxe4 19. Qxe4 Rxe4 20. g4 Bg6 21.
g5 Kc8 22. Bc3 Re2 23. Nd4 Re7 24. Bxa5 fxg5 25. Bc3 Nf6 26. a5 Red7 27. a6 bxa6
28. b4 Kb7 29. Bb2 Nh5 30. c3 Nf4 31. Rf1 Re8 32. Bc1 Bd3 33. Rf2 Re1+ 34. Kh2
Bc4 35. Nf3 Red1 36. Nxg5 Nd3 37. Rd2 Ne5 38. Rxd7 Nxd7 39. Nf3 Bd5 40. Nd4 Nf6
41. Nc2 Ne4 42. Bf4 Rxa1 43. Nxa1 Nxc3 44. Be5 Na2 45. Bxg7 Nxb4 46. g4 a5 47.
Kg3 a4 48. h4 Kb6 49. h5 Kb5 50. g5 a3 51. Kf4 Bf7 52. g6 hxg6 53. h6 Bg8 54.
Kg5 Bh7 55. Bc3 Kc4 56. Be5 c5 57. Kf6 g5 58. Kxg5 Nc2 59. Nxc2 Bxc2 60. Bxc7 a2
61. Be5 Bh7 62. Kf4 Kd3 0-1

[Event "chess.com Speed 2021"]
[Site "chess.com INT"]
[Date "2021.12.09"]
[Round "2.26"]
[White "So, Wesley"]
[Black "Caruana, Fabiano"]
[Result "1-0"]
[WhiteTitle "GM"]
[BlackTitle "GM"]
[WhiteElo "2772"]
[BlackElo "2791"]
[WhiteFideId "5202213"]
[BlackFideId "2020009"]
[EventDate "2021.11.08"]
[EventType "k.o."]

1. e4 c5 2. Nf3 Nc6 3. Bb5 e6 4. O-O Nge7 5. Re1 a6 6. Bf1 Ng6 7. c3 Be7 8. d4
cxd4 9. cxd4 d5 10. e5 O-O 11. g3 Bd7 12. Nc3 h6 13. Be3 f5 14. exf6 Rxf6 15.
Bg2 Bd6 16. Rc1 Nge7 17. Ne2 Nf5 18. Bf4 Bxf4 19. Nxf4 Qb6 20. Ne5 Nxe5 21. dxe5
Rf7 22. Qd2 Ne7 23. Rc3 Raf8 24. Rb3 Qc7 25. Qb4 b5 26. Qd6 Qa7 27. Rc3 Nf5 28.
Qc5 Qxc5 29. Rxc5 Nd4 30. h4 g5 31. hxg5 hxg5 32. Nh5 Rxf2 33. Nf6+ R2xf6 34.
exf6 Rxf6 35. Rc7 Rf7 36. Ra7 b4 37. Rxa6 Bb5 38. Raxe6 Nxe6 39. Rxe6 Rf5 40. g4
Rf4 41. Rg6+ Kf8 42. Rxg5 Bc6 43. Bxd5 Bxd5 44. Rxd5 Rxg4+ 45. Kf2 Ke7 46. Ke3
Rg3+ 47. Kd2 Rg2+ 48. Kc1 Rg4 49. Kc2 Ke6 50. Rd3 Rg2+ 51. Kb3 Ke5 52. Rd8 1-0

[Event "chess.com Speed 2021"]
[Site "chess.com INT"]
[Date "2021.12.09"]
[Round "2.27"]
[White "Caruana, Fabiano"]
[Black "So, Wesley"]
[Result "0-1"]
[WhiteTitle "GM"]
[BlackTitle "GM"]
[WhiteElo "2791"]
[BlackElo "2772"]
[WhiteFideId "2020009"]
[BlackFideId "5202213"]
[EventDate "2021.11.08"]
[EventType "k.o."]

1. e4 e5 2. Nf3 Nc6 3. Bb5 Nf6 4. d3 Bc5 5. Bxc6 dxc6 6. O-O Bd6 7. Bg5 h6 8.
Bh4 g5 9. Bg3 Qe7 10. d4 Nd7 11. Nbd2 f6 12. Nc4 h5 13. h4 g4 14. dxe5 fxe5 15.
Ng5 Nb6 16. Nxd6+ cxd6 17. a4 Be6 18. a5 Nd7 19. Qd2 O-O-O 20. Qe3 Kb8 21. b4
Rhf8 22. Rfd1 Bc4 23. f3 gxf3 24. gxf3 Rf6 25. Bf2 c5 26. Rab1 Rdf8 27. Rd2 Kc7
28. Qc3 Bg8 29. bxc5 Nxc5 30. Rxd6 Rxd6 31. Bxc5 Kb8 32. Bxd6+ Qxd6 33. Rb5 Qd1+
34. Kf2 Rc8 35. Qxe5+ Ka8 36. Rc5 Qd2+ 37. Kg3 Qe1+ 38. Kg2 Qe2+ 39. Kh3 Qf1+
40. Kg3 Qg1+ 0-1

[Event "chess.com Speed 2021"]
[Site "chess.com INT"]
[Date "2021.12.09"]
[Round "2.28"]
[White "So, Wesley"]
[Black "Caruana, Fabiano"]
[Result "1/2-1/2"]
[WhiteTitle "GM"]
[BlackTitle "GM"]
[WhiteElo "2772"]
[BlackElo "2791"]
[WhiteFideId "5202213"]
[BlackFideId "2020009"]
[EventDate "2021.11.08"]
[EventType "k.o."]

1. e4 c6 2. Nf3 d5 3. Nc3 dxe4 4. Nxe4 Nf6 5. Qe2 Nxe4 6. Qxe4 Qd5 7. Qf4 Qf5 8.
Qxf5 Bxf5 9. c3 Nd7 10. d4 e6 11. g3 Be4 12. Bg2 c5 13. O-O cxd4 14. Nxd4 Bxg2
15. Kxg2 a6 16. Rd1 Bc5 17. Be3 Ke7 18. Rd2 Rac8 19. Rad1 Nf6 20. Bg5 Rhd8 21.
Nb3 Rxd2 22. Rxd2 Bd6 23. Kf3 h6 24. Bxf6+ gxf6 25. Rd4 f5 26. Rh4 Rh8 27. a4 h5
28. Na5 b6 29. Nc4 Bc7 30. Ne3 Kd7 31. Ng2 e5 32. Ne3 e4+ 33. Ke2 Ke6 34. f3 Bd8
35. Rh3 Bg5 36. Nc2 Bf6 37. Ne3 b5 38. axb5 axb5 39. Ng2 Bg5 40. Nf4+ Bxf4 41.
gxf4 h4 42. Ke3 Kd5 43. b3 Rc8 44. Kd2 e3+ 45. Kd3 Re8 46. Ke2 b4 47. cxb4 Kd4
48. Rxh4 Ra8 49. Rh6 Ra2+ 50. Ke1 Ra1+ 51. Ke2 Ra2+ 52. Ke1 Ra1+ 53. Ke2 Ra2+ 1/2-1/2

[Event "chess.com Speed 2021"]
[Site "chess.com INT"]
[Date "2021.12.09"]
[Round "2.29"]
[White "Caruana, Fabiano"]
[Black "So, Wesley"]
[Result "1-0"]
[WhiteTitle "GM"]
[BlackTitle "GM"]
[WhiteElo "2791"]
[BlackElo "2772"]
[WhiteFideId "2020009"]
[BlackFideId "5202213"]
[EventDate "2021.11.08"]
[EventType "k.o."]

1. e4 e5 2. Nf3 Nc6 3. Bb5 Nf6 4. d3 Bc5 5. Bxc6 dxc6 6. O-O Bd6 7. Bg5 h6 8.
Bh4 Bg4 9. Nbd2 g5 10. Bg3 Nh5 11. h3 Nxg3 12. fxg3 Be6 13. Nc4 Qe7 14. Nfxe5
O-O-O 15. Nxd6+ cxd6 16. Ng4 d5 17. exd5 Rxd5 18. Qd2 Bxg4 19. hxg4 Re5 20. Qf2
Kb8 21. Qxf7 Qc5+ 22. Qf2 Qb4 23. d4 Re4 24. c3 Qd6 25. Rae1 Rxg4 26. Re5 a6 27.
Qe3 Ka7 28. Rf7 Rb8 29. b4 Qg6 30. d5+ Ka8 31. Rfe7 cxd5 32. R5e6 d4 33. Rxg6
dxe3 34. Rxe3 Rc4 35. Rxh6 Rbc8 36. Rg6 Rxc3 37. Rxc3 Rxc3 38. Rxg5 Ra3 39. Rf5
Rxa2 40. g4 Ra4 41. Rf4 Ka7 42. g5 Ra1+ 43. Kh2 Rc1 44. g6 Rc7 45. Kh3 Rg7 46.
Rf6 b6 47. Rf7+ 1-0

[Event "chess.com Speed 2021"]
[Site "chess.com INT"]
[Date "2021.12.09"]
[Round "2.31"]
[White "So, Wesley"]
[Black "Caruana, Fabiano"]
[Result "1-0"]
[WhiteTitle "GM"]
[BlackTitle "GM"]
[WhiteElo "2772"]
[BlackElo "2791"]
[WhiteFideId "5202213"]
[BlackFideId "2020009"]
[EventDate "2021.11.08"]
[EventType "k.o."]

1. e4 c6 2. d4 d5 3. Nc3 dxe4 4. Nxe4 Nf6 5. Nxf6+ exf6 6. Be3 Bd6 7. Bd3 O-O 8.
Ne2 Na6 9. O-O Nc7 10. c4 Re8 11. Qc2 g6 12. Rad1 Be6 13. Nc3 Bf8 14. Bf4 Rc8
15. Rfe1 Qd7 16. Ne4 Qd8 17. Nc5 b6 18. Ne4 h6 19. Qd2 f5 20. Nc3 Qxd4 21. Bxh6
Bxh6 22. Qxh6 Qf6 23. Qf4 Kg7 24. h4 Na6 25. g3 Nc5 26. Bf1 Rcd8 27. a3 Rxd1 28.
Rxd1 Rd8 29. Rxd8 Qxd8 30. b4 Nd3 31. Qd2 Bxc4 32. Nd1 Qd4 33. Ne3 b5 34. h5 Kh7
35. hxg6+ fxg6 36. Nc2 Qe4 37. Bg2 Qe5 38. Qg5 Kg7 39. Qd8 Qf6 40. Qd7+ Qf7 41.
Qxc6 Ne5 42. Qc5 Ng4 43. Qd4+ Kh7 44. Bf3 Nf6 45. Ne3 Qe7 46. Nxc4 bxc4 47. Qxc4
g5 48. Qd3 Kg6 49. g4 Qe5 50. Kg2 Qf4 51. Qxf5+ Qxf5 52. gxf5+ Kxf5 53. Kg3 Ne8
54. Bg4+ Ke5 55. Bd7 Nf6 56. Bc6 Kd4 57. Kf3 Kc3 58. b5 Kb3 59. a4 Kb4 60. Ke3
Ng4+ 61. Kf3 Nf6 62. Kg3 Kc5 63. f3 Kb4 64. Kf2 Nh5 65. Ke3 Nf4 66. Ke4 Kc5 67.
Kf5 Nh3 68. Kg4 Ng1 69. Kxg5 Kb4 70. f4 Nh3+ 71. Kg4 1-0

[Event "chess.com Speed 2021"]
[Site "chess.com INT"]
[Date "2021.12.09"]
[Round "2.32"]
[White "Caruana, Fabiano"]
[Black "So, Wesley"]
[Result "0-1"]
[WhiteTitle "GM"]
[BlackTitle "GM"]
[WhiteElo "2791"]
[BlackElo "2772"]
[WhiteFideId "2020009"]
[BlackFideId "5202213"]
[EventDate "2021.11.08"]
[EventType "k.o."]

1. d4 Nf6 2. Nf3 d5 3. g3 c5 4. Bg2 cxd4 5. Nxd4 h6 6. Nb3 Nc6 7. O-O e5 8. a4
Be6 9. a5 a6 10. Nc3 Be7 11. Bd2 O-O 12. Na4 Ne4 13. Be1 f5 14. Nb6 Rb8 15. e3
Qd6 16. Qe2 Bd8 17. Rd1 Bxb6 18. axb6 Ne7 19. Ba5 Nc6 20. c4 Nxa5 21. Nxa5 Qxb6
22. cxd5 Bd7 23. Nc4 Qf6 24. Rc1 Bb5 25. b3 Nc5 26. Qc2 e4 27. Rfd1 Nd3 28. Rb1
Rfd8 29. Rxd3 exd3 30. Qxd3 Rbc8 31. h4 Rc5 32. Rd1 Be8 33. b4 Rcc8 34. Na5 b6
35. Nb7 Bb5 36. Qb3 Bc4 37. Qb1 Rd7 38. d6 Bb5 39. e4 Bc6 40. e5 Qxe5 41. Bxc6
Rxc6 42. Qa2+ Kh7 43. Qxa6 f4 44. Qd3+ Kh8 45. Qf3 Rc3 46. Qg4 fxg3 47. Qxd7 Qe2
48. Rf1 gxf2+ 49. Rxf2 Rg3+ 50. Kh1 Qe1+ 0-1

[Event "chess.com Speed 2021"]
[Site "chess.com INT"]
[Date "2021.12.09"]
[Round "2.33"]
[White "So, Wesley"]
[Black "Caruana, Fabiano"]
[Result "1/2-1/2"]
[WhiteTitle "GM"]
[BlackTitle "GM"]
[WhiteElo "2772"]
[BlackElo "2791"]
[WhiteFideId "5202213"]
[BlackFideId "2020009"]
[EventDate "2021.11.08"]
[EventType "k.o."]

1. e4 c6 2. d4 d5 3. Nc3 dxe4 4. Nxe4 Nf6 5. Nxf6+ exf6 6. Be3 Bf5 7. Bd3 Bg6 8.
Ne2 Bd6 9. O-O O-O 10. c4 Re8 11. Qc2 Na6 12. a3 Rc8 13. Rad1 Nc7 14. Nc3 Bf8
15. Rfe1 a6 16. h3 b5 17. Bxg6 hxg6 18. Qd3 Qd7 19. d5 cxd5 20. Nxd5 Nxd5 21.
Qxd5 Qxd5 22. cxd5 Bd6 23. g3 Kf8 24. b4 Re4 25. Kg2 Rec4 26. Rd3 Ke7 27. Bc5+
Kd7 28. Rde3 Bxc5 29. bxc5 R4xc5 30. Re7+ Kd6 31. Ra7 R8c7 32. Rxa6+ Kxd5 33.
Rd1+ Kc4 34. Rb1 Rd7 35. a4 Rdd5 36. axb5 Rxb5 37. Rc6+ Rbc5 38. Rxc5+ Kxc5 39.
Rb7 g5 40. Rxf7 Kd6 41. Rxg7 Ke6 42. Rh7 Rd8 43. Rg7 Kf5 44. h4 gxh4 45. gxh4
Rd4 46. Kg3 Rd1 47. Ra7 Kg6 48. f3 Rg1+ 49. Kf4 Rh1 50. Kg4 Rg1+ 51. Kf4 Rh1 52.
Kg4 Rg1+ 53. Kf4 1/2-1/2

[Event "chess.com Speed 2021"]
[Site "chess.com INT"]
[Date "2021.12.09"]
[Round "2.34"]
[White "Caruana, Fabiano"]
[Black "So, Wesley"]
[Result "1/2-1/2"]
[WhiteTitle "GM"]
[BlackTitle "GM"]
[WhiteElo "2791"]
[BlackElo "2772"]
[WhiteFideId "2020009"]
[BlackFideId "5202213"]
[EventDate "2021.11.08"]
[EventType "k.o."]

1. e4 e5 2. Nf3 Nc6 3. Bb5 Nf6 4. d3 Bc5 5. O-O Nd4 6. Nxd4 Bxd4 7. Ba4 c6 8. c3
Bb6 9. Nd2 d6 10. Nc4 Bc7 11. Bc2 O-O 12. Bg5 h6 13. Bh4 d5 14. exd5 cxd5 15.
Nd2 Re8 16. Re1 g5 17. Bg3 Bg4 18. Qc1 Nh5 19. Nf1 Bd7 20. Qd1 Ng7 21. d4 e4 22.
Ne3 Be6 23. c4 Ba5 24. cxd5 Bxd5 25. Nxd5 Qxd5 26. Re2 Rad8 27. Be5 Bb6 28. Bxe4
Qb5 29. a4 Qd7 30. Qb3 Bxd4 31. Bxd4 Qxd4 32. Rae1 b6 33. h3 Kf8 34. Qa3+ Qc5
35. Qf3 Re7 36. Bc6 Rxe2 37. Rxe2 Rd6 38. Bb5 Qc1+ 39. Kh2 Ne6 40. g3 Nd4 41.
Re8+ Kg7 42. Qa8 Qd2 43. Rg8+ Kf6 44. Kg2 Nxb5 45. axb5 Qd5+ 46. Qxd5 Rxd5 47.
Rh8 Kg7 48. Ra8 Rxb5 49. Rxa7 Rxb2 50. Rb7 b5 51. g4 b4 52. Kg3 b3 53. h4 Rb1
54. hxg5 hxg5 55. Rb6 Kf8 56. Rb7 Ke8 57. Kf3 Kd8 58. Ke4 Kc8 59. Rb4 Rf1 60. f3
Rb1 61. Kf5 b2 62. Kxg5 Rf1 63. Rxb2 Rxf3 64. Re2 Kd7 65. Kh6 Kd6 66. Kg7 Rf4
67. g5 Rf5 68. g6 fxg6 69. Kxg6 Re5 70. Rxe5 Kxe5 1/2-1/2

[Event "chess.com Speed 2021"]
[Site "chess.com INT"]
[Date "2021.12.09"]
[Round "2.35"]
[White "So, Wesley"]
[Black "Caruana, Fabiano"]
[Result "1-0"]
[WhiteTitle "GM"]
[BlackTitle "GM"]
[WhiteElo "2772"]
[BlackElo "2791"]
[WhiteFideId "5202213"]
[BlackFideId "2020009"]
[EventDate "2021.11.08"]
[EventType "k.o."]

1. e4 c6 2. d4 d5 3. Nc3 dxe4 4. Nxe4 Bf5 5. Ng3 Bg6 6. h4 h6 7. Nf3 Nd7 8. h5
Bh7 9. Bd3 Bxd3 10. Qxd3 e6 11. Bd2 Ngf6 12. O-O-O Be7 13. Kb1 O-O 14. Ne4 c5
15. g4 c4 16. Nxf6+ Nxf6 17. Qxc4 Nxg4 18. Qe2 Qd5 19. Rdg1 f5 20. c4 Qd7 21.
Re1 Kf7 22. Rhg1 Bf6 23. Ne5+ Nxe5 24. dxe5 Be7 25. Rg6 Rfd8 26. Bc1 Rac8 27.
Reg1 Bf8 28. b3 b5 29. cxb5 Qd5 30. f4 Rd7 31. Qg2 Qd3+ 32. Kb2 Kg8 33. Rxe6
Qxb5 34. Ka1 Rdc7 35. Bb2 Rc2 36. Qg3 Qd7 37. Rf6 R8c7 38. e6 Qd2 39. Rxf8+ Kxf8
40. Bxg7+ Ke8 41. Qg6+ Kd8 42. Bb2 Kc8 43. Qe8+ Kb7 44. Qb5+ Ka8 45. Rg8+ Rc8
46. Rxc8+ Rxc8 47. a4 Qe1+ 48. Ka2 Qxe6 49. Be5 Qc6 50. Qd3 Qe4 51. Qd7 Qc2+ 52.
Bb2 Qc5 53. Qe6 Rb8 54. Be5 Qc2+ 55. Bb2 Qe4 56. Qd6 Qb7 57. Qe6 Qe4 58. Qd6 Qb7
59. Qe6 a6 60. Qd6 Qb6 61. Qd5+ Rb7 62. Bd4 Qc7 63. Qg8+ Rb8 64. Qd5+ Qb7 65.
Qc4 Rd8 66. Bb2 Rc8 67. Qe6 Rb8 68. Qc4 Qb6 69. Qd5+ Qb7 70. Qc4 Rd8 71. Qe6 Rc8
72. Qxf5 Qc6 73. Qe5 Rb8 74. f5 Qf3 75. Qe6 Kb7 76. f6 Qc6 77. Qe7+ Qc7 78.
Qxc7+ Kxc7 79. Be5+ 1-0

[Event "chess.com Speed 2021"]
[Site "chess.com INT"]
[Date "2021.12.09"]
[Round "2.36"]
[White "Caruana, Fabiano"]
[Black "So, Wesley"]
[Result "0-1"]
[WhiteTitle "GM"]
[BlackTitle "GM"]
[WhiteElo "2791"]
[BlackElo "2772"]
[WhiteFideId "2020009"]
[BlackFideId "5202213"]
[EventDate "2021.11.08"]
[EventType "k.o."]

1. d4 Nf6 2. Nf3 d5 3. g3 c5 4. Bg2 cxd4 5. Nxd4 e5 6. Nf3 Nc6 7. O-O Be7 8. Bg5
O-O 9. Nc3 Be6 10. Nd2 d4 11. Bxf6 Bxf6 12. Na4 Be7 13. Nb3 Bd5 14. e4 Bxb3 15.
cxb3 b5 16. Rc1 Nb4 17. Nc5 Nxa2 18. Ra1 Bxc5 19. Rxa2 a5 20. Qd3 Qb6 21. h4 a4
22. Rfa1 g6 23. Bf1 Rfb8 24. Qf3 d3 25. Bxd3 h5 26. bxa4 Rxa4 27. Rxa4 bxa4 28.
Bc4 Rb7 29. Bd5 Rc7 30. Rxa4 Qxb2 31. Qf6 Bxf2+ 32. Qxf2 Rc1+ 33. Kg2 Rc2 0-1

[Event "chess.com Speed 2021"]
[Site "chess.com INT"]
[Date "2021.12.09"]
[Round "2.37"]
[White "So, Wesley"]
[Black "Caruana, Fabiano"]
[Result "1-0"]
[WhiteTitle "GM"]
[BlackTitle "GM"]
[WhiteElo "2772"]
[BlackElo "2791"]
[WhiteFideId "5202213"]
[BlackFideId "2020009"]
[EventDate "2021.11.08"]
[EventType "k.o."]

1. e4 c5 2. Nf3 d6 3. Bb5+ Bd7 4. Bxd7+ Qxd7 5. c4 e5 6. Nc3 Nc6 7. a3 Be7 8.
Rb1 Bd8 9. b4 Nge7 10. d3 O-O 11. O-O f5 12. exf5 Nxf5 13. Be3 b6 14. Nd2 h6 15.
Nde4 Be7 16. Qg4 Kh7 17. Nd5 Rf7 18. b5 Nd8 19. Ng3 Bf8 20. Qe4 Rb8 21. f4 exf4
22. Rxf4 g6 23. Rbf1 Nxg3 24. Rxf7+ Nxf7 25. Nf6+ Kg7 26. Nxd7 Nxe4 27. Nxb8 1-0